00559nam a2200145Ia 4500008004100000100003100041245010000072245003100172260005900203650001800262650001500280856002600295999001900321952007300340170221s9999 xx 000 0 und d aAlla Kushniryk Stan Orlov. aHealth and Culture: Factors Influencing Immigrant Women’s Health Beliefs and Health Behaviour cAlla Kushniryk Stan Orlov. bOnline Journal of Communication and Media Technologies xCommunication xMedia Arts uhttp://www.ojcmt.net/ c312419d312419 001040aCLbCLd2017-02-21l0r2017-02-21 00:00:00w2017-02-21yFOJ